01163pab a2200169 454500008004000000100002100040245007100061260000900132300001400141362000800155520074200163650001100905650001000916650001500926700001700941773003500958180718b2002 xxu||||| |||| 00| 0 eng d aFrankel, Jeffrey aAn estimate of the effect of common currencies on trade and income c2002 ap.437-66. aMay aTo quantify the implications of common currencies for trade and income, we use data for over 200 countries and dependencies. In our two-stage approach, estimates at the first stage suggest that belonging to a currency union/board triples trade with other currency union members. Moreover, there is no evidence of trade diversion. Our estimates at the second stage suggest that every 1 percent increase in a country's overall trade (relative to GDP) raises income per capita by at least one-third of a percent. We combine the two estimates to quantify the effect of common currencies on output. Our results support the hypothesis that important beneficial effects of currency unions come through the promotion of trade. - Reproduced. aIncome aTrade aCurrencies aRose, Andrew aQuarterly Journal of Economics